al-Raḥīq al-makhtūm : (Record no. 332224)

000 -LEADER
fixed length control field 01813cam a2200409 a 4500
001 - CONTROL NUMBER
control field 1215889
003 - CONTROL NUMBER IDENTIFIER
control field NUST
005 - DATE AND TIME OF LATEST TRANSACTION
control field 20210901113050.0
008 - FIXED-LENGTH DATA ELEMENTS--GENERAL INFORMATION
fixed length control field 990317s1995 su b b 000 0 eng
010 ## - LIBRARY OF CONGRESS CONTROL NUMBER
LC control number 99184915
Canceled/invalid LC control number 95966148
038 ## - RECORD CONTENT LICENSOR
Staff Name Arshad
040 ## - CATALOGING SOURCE
Original cataloging agency DLC
Transcribing agency DLC
041 1# - LANGUAGE CODE
Language code of text/sound track or separate title eng
Language code of original ara
043 ## - GEOGRAPHIC AREA CODE
Geographic area code a-su---
050 00 - LIBRARY OF CONGRESS CALL NUMBER
Classification number BP75.2
Item number .M8213 1995
082 ## - DEWEY DECIMAL CLASSIFICATION NUMBER
Classification number 297.63
Author Mark MUB
100 1# - MAIN ENTRY--PERSONAL NAME
Personal name Mubārakfūrī, Ṣafī al-Raḥmān.
9 (RLIN) 6564
240 10 - UNIFORM TITLE
Uniform title Raḥīq al-makhtūm.
Language of a work urdu
245 13 - TITLE STATEMENT
Title al-Raḥīq al-makhtūm :
Remainder of title baḥth fī al-sīrah al-Nabawīyah, ʻalá ṣaḥibihā afḍal al-ṣalāh wa-al-salām /
Statement of responsibility, etc. Ṣafī al-Raḥmān al-Mubārakfūrī = Ar-Raheeq al-mak̲h̲tūm (the sealed nectar) : biography of the noble Prophet / Safi-ur-Rahman al-Mubarakpuri.
246 31 - VARYING FORM OF TITLE
Title proper/short title Ar-Raheeq al-mak̲h̲tūm
246 31 - VARYING FORM OF TITLE
Title proper/short title Sealed nectar
250 ## - EDITION STATEMENT
Edition statement 1st ed.
260 ## - PUBLICATION, DISTRIBUTION, ETC.
Place of publication, distribution, etc. Riyadh, Saudi Arabia ;
-- Elmhurst Queen, NY :
Name of publisher, distributor, etc. Maktaba Dar-us-Salam,
Date of publication, distribution, etc. 1995.
300 ## - PHYSICAL DESCRIPTION
Extent 503 p. :
Other physical details maps ;
Dimensions 25 cm.
500 ## - GENERAL NOTE
General note Includes brief citations from the Koran.
500 ## - GENERAL NOTE
General note "This book was awarded first prize by the Muslim World League at world-wide competition on the biography of the Prophet held at Makkah al-Mukarramah in 1399 H/1979."
504 ## - BIBLIOGRAPHY, ETC. NOTE
Bibliography, etc. note Includes bibliographical references.
563 ## - BINDING INFORMATION
Binding note HBK
600 00 - SUBJECT ADDED ENTRY--PERSONAL NAME
Personal name Muḥammad,
Titles and other words associated with a name Prophet,
Dates associated with a name -632.
9 (RLIN) 6565
650 #0 - SUBJECT ADDED ENTRY--TOPICAL TERM
Topical term or geographic name entry element Muslims
Geographic subdivision Saudi Arabia
Form subdivision Biography.
9 (RLIN) 6566
880 ## - ALTERNATE GRAPHIC REPRESENTATION
Linkage 100-01\(3\r
Title صفی الرحمٰن مبارک پوری
880 ## - ALTERNATE GRAPHIC REPRESENTATION
Linkage 245-02\(3\r
Title الرحیق المختوم
c صفی الرحمٰن مبارک پوری
880 ## - ALTERNATE GRAPHIC REPRESENTATION
Linkage 260-03\(3\r
Title لاہور:
b المکتبہ السلفیہ،
c 1995
906 ## - LOCAL DATA ELEMENT F, LDF (RLIN)
a 7
b cbc
c orignew
d 3
e ncip
f 19
g y-gencatlg
942 ## - ADDED ENTRY ELEMENTS (KOHA)
Source of classification or shelving scheme
Koha item type Book
Holdings
Withdrawn status Lost status Source of classification or shelving scheme Damaged status Not for loan Collection code Permanent Location Current Location Shelving location Date acquired Total Checkouts Total Renewals Full call number Barcode Date last seen Date last checked out Copy number Price effective from Koha item type
            Central Library (CL) Central Library (CL) First Floor - Islam 11/20/2017 3 2 297.63 MUB CL270 09/04/2025 07/03/2024 1 11/20/2017 Book
© 2023 Central Library, National University of Sciences and Technology. All Rights Reserved.